Los hermanos corazón de león (Registro nro. 1745)
[ vista simple ]
| 000 -CABECERA | |
|---|---|
| Longitud fija campo de control | 01007nam a2200289 i 4500 |
| 005 - • FECHA Y HORA DE LA ÚLTIMA TRANSACCIÓN | |
| Fecha y hora de la última transacción | 20220316235651.0 |
| 008 - • CÓDIGOS DE INFORMACIÓN DE LONGITUD FIJA | |
| Códigos de información de longitud fija | 121119s2002 sp gs 000 f spa d |
| 020 ## - • NÚMERO INTERNACIONAL NORMALIZADO PARA LIBROS | |
| Número Internacional Normalizado para Libros (ISBN) | 8426132723 |
| 040 ## - FUENTE DE LA CATALOGACIÓN | |
| Centro catalogador de origen | CO-BoRNBP |
| Lengua de catalogación | spa |
| Centro transcriptor | CO-BoRNBP |
| Normas de descripción | rda |
| 041 0# - • CÓDIGO DE LENGUA | |
| Código de lengua del texto/banda sonora o título independiente | spa |
| 084 ## - • Clasificación Local Alfanúmerica PNLB | |
| Número de clasificación | N LIN3 |
| 100 1# - • PUNTO DE ACCESO PRINCIPAL-NOMBRE DE PERSONA | |
| Nombre de persona | Lindgren, Astrid, |
| Fechas asociadas al nombre | 1907- |
| Término indicativo de función | autora |
| 245 14 - • TITULO PROPIAMENTE DICHO | |
| Título | Los hermanos corazón de león |
| Mención de responsabilidad, etc. | Astrid Lindgren ; traducción de Lucio Salas ; ilustraciones de Ilon Wikland |
| 250 ## - • MENCIÓN DE EDICIÓN | |
| Mención de edición | Primera edición |
| 264 #1 - PRODUCCIÓN, PUBLICACIÓN , DISTRIBUCIÓN, FABRICACIÓN Y COPYRIGHT | |
| Lugar de producción, publicación, distribución, fabricación | Barcelona |
| Nombre del productor, editor, distribuidor, fabricante | Juventud |
| Fecha de de producción, publicación, distribución, fabricación o copyright | 2002 |
| 300 ## - • DESCRIPCIÓN FÍSICA | |
| Extensión | 228 páginas |
| Otras características físicas | ilustraciones en blanco y negro |
| Dimensiones | 22 cm |
| 336 ## - TIPO DE CONTENIDO | |
| Término de tipo de contenido | texto |
| Código de tipo de contenido | txt |
| Fuente | rdacontent |
| 337 ## - TIPO DE MEDIO | |
| Nombre del tipo de medio | sin mediación |
| Código del tipo de medio | n |
| Fuente | rdamedia |
| 338 ## - TIPO DE SOPORTE | |
| Nombre del tipo de soporte | volumen |
| Código del tipo de soporte | nc |
| Fuente | rdacarrier |
| 650 14 - • PUNTO DE ACCESO ADICIONAL DE MATERIA - TÉRMINO DE MATERIA | |
| Término de materia o nombre geográfico como elemento inicial | Novela juvenil sueca |
| Subdivisión cronológica | Siglo XX |
| Fuente del encabezamiento o término | LEMB |
| 650 14 - • PUNTO DE ACCESO ADICIONAL DE MATERIA - TÉRMINO DE MATERIA | |
| Término de materia o nombre geográfico como elemento inicial | Literatura juvenil sueca |
| Subdivisión cronológica | Siglo XX |
| Fuente del encabezamiento o término | LEMB |
| 650 14 - • PUNTO DE ACCESO ADICIONAL DE MATERIA - TÉRMINO DE MATERIA | |
| Término de materia o nombre geográfico como elemento inicial | Hermanos |
| Subdivisión de forma | Novela |
| Fuente del encabezamiento o término | LEMB |
| 650 14 - • PUNTO DE ACCESO ADICIONAL DE MATERIA - TÉRMINO DE MATERIA | |
| Término de materia o nombre geográfico como elemento inicial | Libertad |
| Subdivisión de forma | Novela |
| Fuente del encabezamiento o término | LEMB |
| 700 1# - • PUNTO DE ACCESO ADICIONAL - NOMBRE DE PERSONA | |
| Nombre de persona | Salas, Lucio, |
| Término indicativo de función | traductor |
| 700 1# - • PUNTO DE ACCESO ADICIONAL - NOMBRE DE PERSONA | |
| Nombre de persona | Wikland, Ilon, |
| Término indicativo de función | ilustrador |
| 942 ## - ENTRADA DE ELEMENTOS AGREGADOS (KOHA) | |
| Fuente de clasificaión o esquema | |
| Koha [por defecto] tipo de item | Libro Literatura |
| Perdido | Fuente de clasificación o esquema | Estado Físico | No para préstamo | Localización permanente | Localización actual | Localización en estanterías | Fecha adquisición | Préstamos totales | Signatura completa | Código de barras | Fecha última consulta | Número de copia | Fecha del precio de reemplazo | Tipo de item de Koha | Forma de adquisición |
|---|---|---|---|---|---|---|---|---|---|---|---|---|---|---|---|
| Dewey Decimal Classification | Biblioteca Pública Cubarral | Biblioteca Pública Cubarral | Literatura | 07/28/2023 | N LIN3 | CUB01381 | 07/28/2023 | Ej.1 | 07/28/2023 | Libro Literatura | Colección General | ||||
| Dewey Decimal Classification | Biblioteca Pública Dorado | Biblioteca Pública Dorado | Literatura | 02/01/2023 | NLIN3 | DOR01504 | 02/01/2023 | Ej.1 | 02/01/2023 | Libro Literatura | Colección General | ||||
| Dewey Decimal Classification | Biblioteca Pública Fuentedeoro - Henry Llanos García | Biblioteca Pública Fuentedeoro - Henry Llanos García | Literatura | 08/03/2023 | N LIN3 | Fo01832 | 08/03/2023 | Ej.1 | 08/03/2023 | Libro Literatura | Colección General | ||||
| Dewey Decimal Classification | Biblioteca Pública Puerto Lleras | Biblioteca Pública Puerto Lleras | Literatura | 07/26/2024 | N LIN3 | PLL01544 | 07/26/2024 | Ej.1 | 07/26/2024 | Libro Literatura | Colección General | ||||
| Dewey Decimal Classification | Biblioteca Pública San Carlos de Guaroa - Eduardo Carranza | Biblioteca Pública San Carlos de Guaroa - Eduardo Carranza | Literatura | 09/06/2023 | N LIN3 | SG01031 | 09/06/2023 | Ej.1 | 09/06/2023 | Libro Literatura | Colección General | ||||
| Dewey Decimal Classification | Biblioteca Pública Barranca de Upia - María Dolores Herrera | Biblioteca Pública Barranca de Upia - María Dolores Herrera | Literatura | 09/13/2023 | N LIN3 | BUP00244 | 09/13/2023 | Ej.1 | 09/13/2023 | Libro Literatura | Colección General | ||||
| Dewey Decimal Classification | Biblioteca Pública Cabuyaro | Biblioteca Pública Cabuyaro | Literatura | 03/22/2023 | NLIN3 | CAB000113 | 03/22/2023 | Ej.1 | 03/22/2023 | Libro Literatura | Colección General | ||||
| Dewey Decimal Classification | Biblioteca Pública Guamal | Biblioteca Pública Guamal | Literatura | 01/25/2023 | NLIN3 | GUA000124 | 01/25/2023 | Ej.1 | 01/25/2023 | Libro Literatura | Colección General | ||||
| Dewey Decimal Classification | Biblioteca Pública Mapiripan | Biblioteca Pública Mapiripan | Literatura | 01/17/2024 | N LIN3 | MAP00002245 | 01/17/2024 | Ej.1 | 01/17/2024 | Libro Literatura | Sala General | ||||
| Dewey Decimal Classification | Biblioteca Pública Puerto Rico | Biblioteca Pública Puerto Rico | Literatura | 12/14/2022 | NLIN3 | PR000000L150 | 12/14/2022 | Ej.1 | 12/14/2022 | Libro Literatura |